Κατάλογος Βιβλιοθηκών Mediterranean College

Η Πρόκληση της Ηγεσίας (Record no. 8268)

MARC details
000 -LEADER
fixed length control field 01989cam a22002174a 4500
005 - ΗΜΕΡΟΜΗΝΙΑ ΚΑΙ ΩΡΑ ΤΕΛΕΥΤΑΙΑΣ ΕΝΗΜΕΡΩΣΗΣ
Πεδίο ελέγχου 20250605164331.0
008 - FIXED-LENGTH DATA ELEMENTS--GENERAL INFORMATION
Πεδίο ελέγχου σταθερού μήκους 250528s ||||||||||||||||||||||||d
035 ## - SYSTEM CONTROL NUMBER
System control number 23239
020 ## - ISBN
ISBN 9789925563661
040 ## - ΠΗΓΗ ΚΑΤΑΛΟΓΟΓΡΑΦΗΣΗΣ
Φορέας πρωτότυπης καταλογογράφησης MC Athens Campus Library
Γλώσσα καταλογογράφησης Ελληνικά, Μοντέρνα (1453-)
Modifying agency MC Athens Campus Library
Κανόνες περιγραφικής καταλογογράφησης AACR2
245 1# - ΤΙΤΛΟΣ ΚΑΙ ΔΗΛΩΣΗ ΥΠΕΥΘΥΝΟΤΗΤΑΣ
Τίτλος Η Πρόκληση της Ηγεσίας
260 ## - PUBLICATION, DISTRIBUTION, ETC.
Name of publisher, distributor, etc. Broken Hill Publishers,
Date of publication, distribution, etc. 2018
300 ## - PHYSICAL DESCRIPTION
Extent 336
520 ## - SUMMARY, ETC.
Summary, etc. Κανένα βιβλίο δεν έχει εξιστορήσει τις πρακτικές της αληθινής ηγεσίας καλύτερα από την Πρόκληση της Ηγεσίας και αυτή η αναβαθμισμένη έκδοση περιγράφει με άρτιο τρόπο πώς μπορεί κάποιος να γίνει ένας εξαιρετικός ηγέτης του 21ου αιώνα. Εισαγωγή, Όταν οι Ηγέτες Αποδίδουν, Χαράξτε το Δρόμο, Αποσαφηνίστε τις Αξίες, Δώστε το Καλό Παράδειγμα, Εμπνεύστε ένα Κοινό Όραμα, Οραματιστείτε το Μέλλον, Στρατολογήστε και Άλλους, Αμφισβητείστε τη Διαδικασία, Αναζητείστε Ευκαιρίες, Πειραματισθείτε και Πάρτε Ρίσκα, Διευκολύνετε τους Άλλους να Δράσουν, Καλλιεργήστε τη Συνεργασία, Ισχυροποιήστε τους Άλλους, Ενδυναμώστε την Καρδιά, Αναγνωρίστε τη Συνεισφορά, Επικροτείστε τις Αξίες και τις Νίκες, Η Ηγεσία είναι Δουλειά Όλων, Σημειώσεις, Ευχαριστίες, Σχετικά με τους Συγγραφείς, Ευρετήριο.
700 1# - ΠΡΟΣΘΕΤΗ ΑΝΑΓΡΑΦΗ--ΦΥΣΙΚΟ ΠΡΟΣΩΠΟ
Personal name Kouzes James
9 (RLIN) 8174
700 1# - ΠΡΟΣΘΕΤΗ ΑΝΑΓΡΑΦΗ--ΦΥΣΙΚΟ ΠΡΟΣΩΠΟ
Personal name Posner Barry
9 (RLIN) 8175
700 1# - ΠΡΟΣΘΕΤΗ ΑΝΑΓΡΑΦΗ--ΦΥΣΙΚΟ ΠΡΟΣΩΠΟ
Personal name Πολλάκης Γιάννης Α
9 (RLIN) 8176
942 ## - ADDED ENTRY ELEMENTS (KOHA)
Koha item type Books
Holdings
Τύπος τεκμηρίου Βιβλιοθήκη Τρέχουσα τοποθεσία Barcode Αριθμός εισαγωγής Ημερομηνία απόκτησης Ταξιθετικό σύμβολο Αριθμός αντιτύπου Κατάσταση απόσυρσης Κατάσταση χαμένου Κατάσταση κατεστραμμένου Μη δανεισμός Σύνολο δανεισμών Ημερομηνία τελευταίας εμφάνισης Η τιμή ισχύει από
Books MC Athens Campus Library MC Athens Campus Library 9780000082671 7636 05/06/2025 658.4092 KOU 1           05/06/2025 05/06/2025

MC Athens Campus Library
Πατησίων 94 & Κοδριγκτώνος 13, 104 34
Πελλήνης 8 & Πατησίων 107, 112 51
Τ: +30 210 8899600

MC Thessaloniki Campus Library
Ίωνος Δραγούμη 21, 54625 | Ίωνος Δραγούμη 15, 54625
Τ: +30 2310 287779 – Τ: +30 2314 440300